Gender and Social Work : Positions and Practices (Record no. 1848214)

MARC details
000 -LEADER
fixed length control field 00539nam a22001817a 4500
005 - DATE AND TIME OF LATEST TRANSACTION
control field 20260410120714.0
008 - FIXED-LENGTH DATA ELEMENTS--GENERAL INFORMATION
fixed length control field 260410b |||||||| |||| 00| 0 eng d
037 ## - SOURCE OF ACQUISITION
Terms of availability DSWL
040 ## - CATALOGING SOURCE
Original cataloging agency DSWL
Transcribing agency DSWL
041 ## - LANGUAGE CODE
Language code of original eng
245 ## - TITLE STATEMENT
Title Gender and Social Work : Positions and Practices
260 ## - PUBLICATION, DISTRIBUTION, ETC.
Place of publication, distribution, etc. New Delhi,
Name of publisher, distributor, etc. Regal Publication,
Date of publication, distribution, etc. 2017
300 ## - PHYSICAL DESCRIPTION
Extent 262p
365 ## - TRADE PRICE
Price type code INR
Price amount 990
700 ## - ADDED ENTRY--PERSONAL NAME
Personal name Meenu Anand Ed.
9 (RLIN) 1234643
942 ## - ADDED ENTRY ELEMENTS (KOHA)
Source of classification or shelving scheme Colon Classification (CC)
Koha item type Textual
Suppress in OPAC No
Holdings
Withdrawn status Lost status Source of classification or shelving scheme Damaged status Not for loan Home library Current library Date acquired Source of acquisition Cost, normal purchase price Inventory number Total Checkouts Barcode Date last seen Price effective from Koha item type
    Colon Classification (CC)     Department of Social Work Library Department of Social Work Library 2018-02-28 Anshika Book International 990.00 1230/26.02.18   SW0032350 2026-04-10 2026-04-10 Textual
    Colon Classification (CC)     Department of Social Work Library Department of Social Work Library 2018-02-28 Anshika Book International 990.00 1230/26.02.18   SW0032351 2026-04-10 2026-04-10 Textual
    Colon Classification (CC)     Department of Social Work Library Department of Social Work Library 2018-02-28 Anshika Book International 990.00 1230/26.02.18   SW0032352 2026-04-10 2026-04-10 Textual
Copyright @ Delhi University Library System